[Event "Moscow Open 2009 C"]
[Site "?"]
[Date "2009.02.06"]
[Round "7.73"]
[White "Cherniavskaya, Klara"]
[Black "Shmyreva, Tatiana"]
[Result "0-1"]
[WhiteElo "1902"]
[BlackElo "1400"]
[Annotator ""]
[Source ""]
[Remark ""]

1.e4 c5 2.e5 Nc6 3.f4 g6 4.Nf3 Bg7 5.c3 d5 6.Bb5 Bd7 7.O-O Qb6
8.Be2 Nh6 9.Nh4 O-O 10.Kh1 f6 11.Bf3 Be6 12.g3 fxe5 13.fxe5 Nxe5
14.Qe2 Nxf3 15.Rxf3 Bg4 16.Rxf8+ Rxf8 17.Qe1 g5 18.Ng2 Qf6 19.Ne3
Bh3 20.Na3 Ng4 21.d3 d4 22.Ng2 Qf1+ 0-1

[Event "Moscow Open 2009"]
[Site "Moscow"]
[Date "2009.02.07"]
[Round "8.2"]
[White "Gunina, Valentina"]
[Black "Muzychuk, Anna"]
[Result "1-0"]
[WhiteElo "2400"]
[BlackElo "2540"]
[Annotator ""]
[Source ""]
[Remark ""]

1.d4 Nf6 2.c4 d6 3.Nc3 e5 4.d5 Be7 5.e4 O-O 6.h3 Na6 7.Nge2 Ne8
8.Ng3 Bg5 9.Bd3 Nc5 10.Bc2 a5 11.O-O g6 12.a3 Bd7 13.b3 Bxc1
14.Qxc1 Qh4 15.Qe3 Ng7 16.Nb5 Qf4 17.Qxf4 exf4 18.Ne2 Bxb5 19.cxb5
Rfe8 20.f3 Nh5 21.Nd4 Kf8 22.Rfc1 Ke7 23.Bd1 Rec8 24.Rc3 Ng3
25.Rac1 Kd8 26.Ne2 Nxe2+ 27.Bxe2 Nd7 28.g3 Nf6 29.gxf4 Nh5 30.f5
Nf4 31.Bf1 gxf5 32.Kf2 Kd7 33.Kg3 Ng6 34.h4 Ne7 35.Kf4 c5 36.bxc6+
bxc6 37.dxc6+ Kc7 38.Bh3 fxe4 39.Bxc8 Nd5+ 40.Kxe4 Nxc3+ 41.Rxc3
Rxc8 42.Kf5 Rd8 43.Kf6 d5 44.Ke5 d4 45.Rd3 Kxc6 46.Rxd4 f6+ 47.Ke4
Rb8 48.b4 axb4 49.axb4 Rb5 50.Kf4 Kc7 51.Ke3 Kc6 52.Rf4 Kd7 53.Kd3
f5 54.Rd4+ Ke6 55.Kc4 Rb8 56.b5 Rc8+ 57.Kb4 Ke5 58.Rc4 Rb8 59.Ka5
Ra8+ 60.Kb6 Ra3 61.Kc7 Rxf3 62.b6 Rb3 63.b7 f4 64.b8Q Rxb8 65.Kxb8
f3 66.Rc7 h5 67.Rf7 f2 1-0

[Event "Moscow Open 2009"]
[Site "Moscow"]
[Date "2009.02.07"]
[Round "8.3"]
[White "Ushenina, Anna"]
[Black "Girya, Olga"]
[Result "1/2-1/2"]
[WhiteElo "2499"]
[BlackElo "2315"]
[Annotator ""]
[Source ""]
[Remark ""]

1.e4 c5 2.c3 d5 3.exd5 Qxd5 4.d4 Nf6 5.Nf3 e6 6.Na3 Nc6 7.Be3
cxd4 8.Nb5 Qd8 9.Nbxd4 Nd5 10.Nxc6 bxc6 11.Bd4 f6 12.Bc4 Bd6
13.O-O O-O 14.Bb3 Nc7 15.Qd2 c5 16.Be3 Bb7 17.Rfd1 Nd5 18.Bc2
Qc7 19.c4 Nxe3 20.Qxe3 Rad8 21.Qxe6+ Kh8 22.h4 Bc8 23.Qe4 g6
24.Qe3 Bg4 25.Rd5 Rfe8 26.Qc3 Kg7 27.Rad1 Be5 28.Qd3 Rxd5 29.Qxd5
Bxb2 30.Rb1 Rb8 31.Re1 Bc3 32.Re3 Rd8 33.Qe4 Bf5 34.Qe7+ Qxe7
35.Rxe7+ Kf8 36.Re3 Bxc2 37.Rxc3 Bf5 38.Ra3 Rd7 39.Ra6 Ke7 40.Rc6
Be6 41.Rxc5 Kd6 42.Rc8 Rb7 43.c5+ Kd5 44.Re8 Bf7 45.Rc8 Be6 46.Re8
Bf7 47.Rc8 Be6 48.Re8 Bf7 49.Rc8 Be6 50.Re8 Bf7 1/2-1/2

[Event "Moscow Open 2009"]
[Site "Moscow"]
[Date "2009.02.07"]
[Round "8.4"]
[White "Romanko, Marina"]
[Black "Repina, Varvara"]
[Result "1-0"]
[WhiteElo "2451"]
[BlackElo "2258"]
[Annotator ""]
[Source ""]
[Remark ""]

1.d4 d5 2.c4 c6 3.Nf3 Nf6 4.e3 e6 5.Bd3 Nbd7 6.O-O Bd6 7.Nbd2
O-O 8.e4 e5 9.cxd5 cxd5 10.exd5 exd4 11.Ne4 Ne5 12.Bg5 Bg4 13.Nxf6+
gxf6 14.Bh6 Bxf3 15.gxf3 Re8 16.f4 Ng6 17.f5 Bf8 18.fxg6 Bxh6
19.Qh5 Kg7 20.gxh7 Re5 21.Qh3 Qxd5 22.f4 Re3 23.Qg4+ Kh8 24.Rad1
Qxa2 25.Rd2 f5 26.Bxf5 f6 27.Qg6 Bg7 28.Rg2 Re7 29.h4 Qf7 30.h5
Qxg6 31.Rxg6 Kxh7 32.h6 Bf8 33.Kh1 Bxh6 34.Rfg1 1-0

[Event "Moscow Open 2009"]
[Site "Moscow"]
[Date "2009.02.07"]
[Round "8.5"]
[White "Molchanova, Tatjana"]
[Black "Kovalevskaya, Ekaterina"]
[Result "1/2-1/2"]
[WhiteElo "2319"]
[BlackElo "2442"]
[Annotator ""]
[Source ""]
[Remark ""]

1.d4 Nf6 2.Nf3 e6 3.g3 b5 4.Bg2 d5 5.O-O Bb7 6.b3 Nbd7 7.Bb2
Be7 8.Nbd2 b4 9.c4 bxc3 10.Bxc3 O-O 11.b4 a5 12.bxa5 c5 13.dxc5
Nxc5 14.Rb1 Bc6 15.Nb3 Nfe4 16.Be1 Ba4 17.Qd4 Bb5 18.Qe3 Nxb3
19.Qxb3 Bxe2 20.Nd4 Bxf1 21.Nc6 Bc4 22.Qxc4 dxc4 23.Nxd8 Rfxd8
24.Bxe4 Rab8 25.Bb7 Bc5 26.a6 Ba7 27.Ba5 Rd7 28.a4 h6 29.Kf1
Bd4 30.Ke2 e5 31.Rb5 c3 32.Bxc3 1/2-1/2

[Event "Moscow Open 2009"]
[Site "Moscow"]
[Date "2009.02.07"]
[Round "8.6"]
[White "Petrukhina, Irina"]
[Black "Paehtz, Elisabeth"]
[Result "0-1"]
[WhiteElo "1905"]
[BlackElo "2455"]
[Annotator ""]
[Source ""]
[Remark ""]

1.d4 e6 2.c4 Bb4+ 3.Bd2 a5 4.Nf3 d6 5.g3 Nc6 6.Bg2 e5 7.O-O exd4
8.Nxd4 Nxd4 9.Bxb4 axb4 10.Qxd4 Nf6 11.Nd2 O-O 12.Nb3 c5 13.Qd3
Qe7 14.Rfd1 Ra6 15.a3 Rb6 16.a4 Qe5 17.Qd2 Re8 18.Nc1 Re7 19.Ra2
Bg4 20.b3 h6 21.Re1 g5 22.Nd3 Qd4 23.e3 Qc3 24.Qxc3 bxc3 25.Ra3
Bf5 26.a5 Ra6 27.Nc1 b6 28.Ne2 c2 29.Nc3 bxa5 30.f3 g4 31.fxg4
Rxe3 32.Raa1 Nxg4 33.Nd5 Rxe1+ 34.Rxe1 Kg7 35.h3 Ne5 36.Rc1 a4
37.b4 Nd3 38.Rxc2 cxb4 39.Rd2 a3 0-1

[Event "Moscow Open 2009"]
[Site "?"]
[Date "2009.02.07"]
[Round "8.7"]
[White "Shen, Yang"]
[Black "Ambartsumova, Karina"]
[Result "1/2-1/2"]
[WhiteElo "2448"]
[BlackElo "2227"]
[Annotator ""]
[Source ""]
[Remark ""]

1.d4 d5 2.c4 e6 3.Nf3 Be7 4.Nc3 Nf6 5.Bg5 O-O 6.Qc2 c6 7.e3 Nbd7
8.Rd1 b6 9.Bd3 h6 10.Bf4 Bb7 11.O-O Rc8 12.cxd5 Nxd5 13.Nxd5
cxd5 14.Qa4 a6 15.Rc1 b5 16.Rxc8 Qxc8 17.Qa5 Qc6 18.h3 Rc8 19.Qd2
Bf8 20.Bb1 Qc4 21.Ne1 Bb4 22.Qd1 Qc1 23.Qxc1 Rxc1 24.Nd3 Rxf1+
25.Kxf1 Be7 26.Bc7 Kf8 27.Ke2 Ke8 28.f3 Bd8 29.Bxd8 Kxd8 30.Nc5
Kc7 31.Nxb7 Kxb7 32.e4 dxe4 33.fxe4 e5 34.Kd3 Kc6 35.Bc2 f6 36.b4
Kd6 37.Bb3 Nb6 38.h4 g6 39.g3 Nc8 40.Bd5 Ne7 41.dxe5+ fxe5 42.Bf7
Kd7 43.Kc3 Kd8 44.Kd3 Kd7 45.Ke3 Kd8 46.Kf3 Kd7 47.Kg4 Kd8 48.Bxg6
Nxg6 49.Kh5 Nf8 50.Kxh6 Ke7 51.Kg7 Ne6+ 52.Kg6 Nf4+ 53.Kf5 Nd3
54.a3 Kf7 55.g4 Kg7 56.g5 Nf4 57.Kxe5 Ng6+ 58.Kd6 Nxh4 59.e5
Nf5+ 60.Kd7 Kf8 61.Kc6 Nd4+ 62.Kd7 Nf5 63.e6 Ne7 64.Kd8 Ng6 65.Kc7
Ke7 66.Kb6 Kd6 67.Kxa6 Kc6 68.Ka5 Ne7 69.a4 bxa4 70.Kxa4 Kd6
71.b5 1/2-1/2

[Event "Moscow Open 2009"]
[Site "?"]
[Date "2009.02.07"]
[Round "8.8"]
[White "Savina, Anastasia"]
[Black "Mongontuul, Bathuyag"]
[Result "0-1"]
[WhiteElo "2297"]
[BlackElo "2425"]
[Annotator ""]
[Source ""]
[Remark ""]

1.d4 Nf6 2.c4 c5 3.d5 e6 4.Nc3 exd5 5.cxd5 d6 6.e4 g6 7.f4 Bg7
8.Bb5+ Nfd7 9.Be2 O-O 10.Nf3 Re8 11.O-O Na6 12.Nd2 Bd4+ 13.Kh1
Nc7 14.a4 Nf6 15.Bf3 Rb8 16.Ra3 a6 17.Ne2 b5 18.Nxd4 cxd4 19.Rd3
bxa4 20.Rxd4 Nd7 21.Rxa4 Nc5 22.Rc4 a5 23.e5 Ba6 24.Rxc5 dxc5
25.d6 Bxf1 26.Qxf1 Ne6 27.Ne4 Nd4 28.Nf6+ Kg7 29.Bd5 Nf5 30.Nxe8+
Qxe8 31.g4 Nd4 32.Qe1 Qb5 33.f5 c4 34.Bg2 Re8 35.Qh4 Qxe5 36.Bh6+
Kg8 37.d7 Qe1+ 38.Qxe1 Rxe1+ 39.Bf1 Nc6 40.Kg2 Rd1 41.Bxc4 Rxd7
42.Bb5 Rc7 43.fxg6 hxg6 44.Bf4 Rc8 45.Bxc6 Rxc6 46.Be5 f6 47.Bd4
Kf7 48.Kf3 g5 0-1

[Event "Moscow Open 2009"]
[Site "?"]
[Date "2009.02.07"]
[Round "8.9"]
[White "Gu, Xiobing"]
[Black "Shadrina, Tatiana"]
[Result "1-0"]
[WhiteElo "2283"]
[BlackElo "2416"]
[Annotator ""]
[Source ""]
[Remark ""]

1.e4 c5 2.Nf3 e6 3.d4 cxd4 4.Nxd4 Nf6 5.Nc3 d6 6.g4 Nc6 7.h3
a6 8.Be3 d5 9.g5 Nxe4 10.Nxe4 dxe4 11.Nxc6 Qxd1+ 12.Rxd1 bxc6
13.Bg2 f5 14.gxf6 gxf6 15.Bxe4 Bd7 16.Ke2 Rb8 17.b3 f5 18.Bd4
Rg8 19.Bf3 Ba3 20.Bf6 Be7 21.Bh5+ Kd8 22.Rxd7+ Kxd7 23.Rd1+ Bd6
24.Be5 Rb5 25.Bxd6 Rd5 26.Bg3 Rf8 27.Rxd5+ exd5 28.Ke3 a5 29.a4
Rf6 30.Kf4 Ke6 31.Be2 Rf7 32.Bd3 c5 33.f3 Kd6 34.Be1 Kc6 35.Bxa5
c4 36.bxc4 Ra7 37.cxd5+ Kxd5 38.Bd8 Rxa4+ 39.Kxf5 Ra7 40.h4 Rf7+
41.Bf6 Kd6 42.h5 Ra7 43.f4 Ra5+ 44.Be5+ Ke7 45.Kg5 1-0

[Event "Moscow Open 2009"]
[Site "?"]
[Date "2009.02.07"]
[Round "8.10"]
[White "Demina, Julia"]
[Black "Strutinskaya, Galina N"]
[Result "1-0"]
[WhiteElo "2361"]
[BlackElo "2291"]
[Annotator ""]
[Source ""]
[Remark ""]

1.Nf3 e6 2.c4 f5 3.g3 Nf6 4.Bg2 b6 5.O-O Bb7 6.d4 Be7 7.d5 O-O
8.Nd4 c5 9.Nc2 Qc8 10.Nc3 d6 11.e4 exd5 12.exd5 Na6 13.f4 Nc7
14.Ne3 Qd7 15.a4 g6 16.b3 a6 17.Qd3 b5 18.Bb2 b4 19.Ne2 h5 20.h3
Kf7 21.g4 hxg4 22.hxg4 fxg4 23.Ng3 Rh8 24.Ne4 Rag8 25.Ng5+ Ke8
26.Rae1 Kd8 27.Nf7+ Kc8 28.Nxh8 Rxh8 29.Qxg6 Rg8 30.Qf5 Nce8
31.Qxd7+ Kxd7 32.Nf5 Bf8 33.Re6 Nh5 34.Nh6 Bg7 35.Nxg8 Bxb2 36.Re7+ 1-0

[Event "Moscow Open 2009"]
[Site "?"]
[Date "2009.02.07"]
[Round "8.11"]
[White "Iljushina, Olga"]
[Black "Manakova, Maria"]
[Result "0-1"]
[WhiteElo "2269"]
[BlackElo "2299"]
[Annotator ""]
[Source ""]
[Remark ""]

1.d4 Nf6 2.c4 e6 3.Nf3 d5 4.g3 c6 5.Qc2 b6 6.Bg2 Be7 7.O-O O-O
8.Ne5 Bb7 9.Rd1 Nfd7 10.cxd5 exd5 11.Nc3 Re8 12.Bf4 Na6 13.a3
Nxe5 14.Bxe5 Qd7 15.e4 Rac8 16.Rac1 Red8 17.Qe2 dxe4 18.Bxe4
Nc7 19.Qh5 g6 20.Qh6 Ne6 21.f4 f6 22.f5 fxe5 23.dxe5 Bc5+ 24.Kh1
Qc7 25.Qh4 Nd4 26.f6 Qf7 27.Bb1 Bf8 28.Be4 c5 29.Qf4 Bxe4+ 30.Qxe4
Bh6 31.Rb1 Qe6 32.b4 cxb4 33.Rxb4 Nc6 34.Rc4 Rxd1+ 35.Nxd1 Rd8
36.Rxc6 Rxd1+ 37.Kg2 Rd2+ 38.Kf3 Qb3+ 39.Kg4 Qd1+ 40.Kh3 Qh5+
41.Qh4 Qf5+ 42.Qg4 Qf1+ 0-1

[Event "Moscow Open 2009"]
[Site "?"]
[Date "2009.02.07"]
[Round "8.12"]
[White "Ivkina, Olga"]
[Black "Bodnaruk, Anastasia"]
[Result "0-1"]
[WhiteElo "2268"]
[BlackElo "2384"]
[Annotator ""]
[Source ""]
[Remark ""]

1.e4 c5 2.Nf3 Nc6 3.Bb5 g6 4.O-O Bg7 5.Bxc6 dxc6 6.h3 e5 7.d3
Qe7 8.a4 Nf6 9.Na3 Nh5 10.Nc4 Nf4 11.b4 cxb4 12.d4 O-O 13.dxe5
Rd8 14.Nd6 Bxe5 15.Nxe5 Qxe5 16.Qf3 Nxh3+ 17.gxh3 Rxd6 18.Rb1
Qe6 19.Rb3 a5 20.Bf4 Rd4 21.Rd1 Rxd1+ 22.Qxd1 Bd7 23.Rd3 Qxe4
24.Bh6 Qh4 25.Qd2 Bxh3 26.Bg5 Qg4+ 27.Rg3 Qe6 28.Kh2 Bf5 29.Qd4
Qe4 30.Qf6 Qe6 31.Qd4 c5 32.Qxc5 Rc8 33.Qxa5 Qe2 34.Be3 Qh5+
35.Kg1 Qd1+ 36.Kh2 Qxc2 37.Qxb4 Qe4 38.Qxe4 Bxe4 39.Bb6 Bc6 40.a5
f6 41.Rd3 Kf7 42.Rd6 Be8 43.Bd4 Rc6 44.Rd8 Re6 45.Bc5 g5 46.Kg3
h5 47.f3 Kg6 48.Bd4 Bc6 49.Rh8 h4+ 50.Kf2 Rd6 51.Be3 Rd5 52.Ra8
Rf5 53.f4 Kh5 54.Rc8 Bd5 55.Rd8 Kg4 56.Ke2 h3 57.Rh8 Kg3 58.fxg5
h2 0-1

[Event "Moscow Open 2009"]
[Site "?"]
[Date "2009.02.07"]
[Round "8.13"]
[White "Shumilina, Alexandra"]
[Black "Zhukova, Natalia"]
[Result "1/2-1/2"]
[WhiteElo "2269"]
[BlackElo "2490"]
[Annotator ""]
[Source ""]
[Remark ""]

1.d4 d5 2.c4 c6 3.Nc3 Nf6 4.e3 e6 5.Nf3 Nbd7 6.Qc2 Bd6 7.g4 h6
8.Bd2 dxc4 9.Bxc4 b5 10.Be2 Bb7 11.Rg1 Qe7 12.h4 b4 13.Na4 c5
14.dxc5 Nxc5 15.Bxb4 Nd3+ 16.Qxd3 Bxb4+ 17.Kf1 O-O 18.a3 Rfd8
19.Qb5 Bd6 20.g5 hxg5 21.Qxg5 Ne8 22.Qh5 g6 23.Qh6 Qf6 24.Ng5
Ng7 25.h5 Nf5 26.Qh7+ Kf8 27.Ke1 Nh4 28.Qh6+ Ke7 29.Nh7 Rh8 30.hxg6
Rxh7 31.Qxh7 Nxg6 32.Rxg6 Qxg6 33.Qxg6 fxg6 34.Nc3 Rh8 35.Kd2
Rh2 36.Nd1 Bd5 37.Bd3 g5 38.e4 1/2-1/2

[Event "Moscow Open 2009"]
[Site "?"]
[Date "2009.02.07"]
[Round "8.14"]
[White "Muzychuk, Mariya"]
[Black "Semenova, Elena"]
[Result "1-0"]
[WhiteElo "2427"]
[BlackElo "2086"]
[Annotator ""]
[Source ""]
[Remark ""]

1.e4 d5 2.exd5 Qxd5 3.Nc3 Qd8 4.d4 Nf6 5.Bc4 a6 6.Nf3 b5 7.Bb3
c5 8.dxc5 Qxd1+ 9.Kxd1 Bb7 10.Be3 e6 11.a4 b4 12.Na2 Ng4 13.Ke2
Nxe3 14.fxe3 Bxc5 15.Ne5 Nc6 16.Nc4 Ke7 17.Nc1 a5 18.Nd3 Ba7
19.Rad1 Rhd8 20.Kf2 Rac8 21.Rhe1 h6 22.Nd2 Nb8 23.Ne5 Rc5 24.Ndf3
Bd5 25.Nd3 Rcc8 26.Rd2 Bxb3 27.cxb3 f6 28.Ke2 g5 29.Red1 Na6
30.g4 Rd7 31.e4 h5 32.e5 Bb8 33.gxh5 Rh8 34.exf6+ Kxf6 35.Rf1
Bf4 36.Nxf4 Rxd2+ 37.Nxd2 gxf4 38.Rxf4+ Kg5 39.Ke3 Kxh5 40.Re4
Nc7 41.Nf3 Nd5+ 42.Kd4 Rf8 43.Ne5 Rf2 44.Nc6 Rxh2 45.Rxe6 Nf4
46.Re5+ Kg4 47.Nxa5 Rxb2 48.Re8 Rd2+ 49.Kc4 Nd5 50.Re5 Nb6+ 51.Kxb4
Kf4 52.Re8 Nd5+ 53.Kc5 Nc7 54.Re7 Rc2+ 55.Nc4 Na6+ 56.Kb5 Nb8
57.Rb7 1-0

[Event "Moscow Open 2009"]
[Site "?"]
[Date "2009.02.07"]
[Round "8.15"]
[White "Akatova, Ekaterina"]
[Black "Vasilkova, Svetlana"]
[Result "1-0"]
[WhiteElo "2261"]
[BlackElo "2371"]
[Annotator ""]
[Source ""]
[Remark ""]

1.e4 c5 2.Nf3 e6 3.d4 cxd4 4.Nxd4 Nc6 5.Nc3 d6 6.g4 a6 7.Be3
Nxd4 8.Qxd4 Ne7 9.Qd2 Nc6 10.O-O-O Be7 11.h4 b5 12.Bg5 f6 13.Bf4
Ne5 14.g5 Qa5 15.gxf6 gxf6 16.Bxe5 fxe5 17.Qh6 b4 18.Nb1 Bd7
19.Bc4 Rc8 20.Bb3 Qc5 21.Rd2 Rf8 22.Bxe6 Bxe6 23.Qxe6 Qc4 24.Qxc4
Rxc4 25.Re2 Rf4 26.Nd2 Rc8 27.f3 h6 28.Reh2 Kf7 29.Kd1 a5 30.Rh3
Bd8 31.Nf1 d5 32.Nd2 Bb6 33.Rg3 Rc6 34.Rg4 dxe4 35.Rxf4+ exf4
36.Nxe4 Bd4 37.b3 Be3 38.h5 Rc7 39.Nd6+ Ke6 40.Nc4 Kf5 41.Ke2
Bd4 42.Rd1 Re7+ 43.Kf1 Bc3 44.Nd6+ Ke6 45.Ne4 Rc7 46.Rd6+ Ke5
47.Ke2 Rg7 48.Rxh6 Bb2 49.Rg6 Rc7 50.Rg5+ Kd4 51.Kd2 Bc3+ 52.Nxc3
Rxc3 53.h6 a4 54.h7 1-0

[Event "Moscow Open 2009"]
[Site "?"]
[Date "2009.02.07"]
[Round "8.16"]
[White "Butuc, Maria"]
[Black "Grabuzova, Tatiana"]
[Result "0-1"]
[WhiteElo "2182"]
[BlackElo "2332"]
[Annotator ""]
[Source ""]
[Remark ""]

1.e4 e6 2.d4 d5 3.Nd2 a6 4.Ngf3 c5 5.exd5 exd5 6.dxc5 Bxc5 7.Nb3
Bb6 8.Bd3 Nf6 9.Qe2+ Be6 10.Nfd4 Qe7 11.Nf5 Bxf5 12.Qxe7+ Kxe7
13.Bxf5 Ne4 14.O-O Nc6 15.Be3 Bxe3 16.fxe3 Nf6 17.e4 d4 18.Rae1
g6 19.Bh3 Rhd8 20.Nc5 Ne5 21.Nd3 Nfd7 22.Bxd7 Nxd7 23.Rf4 Rac8
24.Re2 Nc5 25.Ref2 Rf8 26.Nb4 Ne6 27.R4f3 Rc5 28.Nd3 Ra5 29.a3
Nc5 30.b4 Nxd3 31.Rxd3 Ra4 32.Rxd4 Rxa3 33.Rfd2 b5 34.c4 bxc4
35.Rxc4 Rb8 36.Kf2 Rb7 37.Rdc2 Ke6 38.Rc6+ Ke5 39.R6c4 Rb3 40.Rc6
R3xb4 41.Rxa6 Rxe4 42.Rc5+ Kf4 43.Rc2 f5 44.Ra3 Rd7 45.Rh3 Ke5
46.Rc5+ Kd4 47.Rcc3 Ra7 48.Rcd3+ Ke5 49.Rd2 g5 50.Rb3 g4 51.h3
h5 52.hxg4 hxg4 53.Rb5+ Kf4 54.g3+ Kg5 55.Rb3 Rh7 56.Kg2 Re1
57.Rb5 Reh1 58.Kf2 R1h2+ 59.Ke3 Re7+ 0-1

[Event "Moscow Open 2009"]
[Site "?"]
[Date "2009.02.07"]
[Round "8.17"]
[White "Drozdova, Dina"]
[Black "Charochkina, Daria"]
[Result "1-0"]
[WhiteElo "2175"]
[BlackElo "2316"]
[Annotator ""]
[Source ""]
[Remark ""]

1.d4 Nf6 2.c4 g6 3.Nc3 d5 4.cxd5 Nxd5 5.e4 Nxc3 6.bxc3 Bg7 7.Be3
c5 8.Qd2 O-O 9.d5 Qd6 10.Nf3 f5 11.e5 Bxe5 12.Nxe5 Qxe5 13.Be2
f4 14.Bxc5 Nd7 15.Qd4 Qg5 16.Ba3 Ne5 17.h4 Qf6 18.f3 Bd7 19.Rb1
b6 20.Rd1 Rf7 21.c4 Ba4 22.Rd2 Nd7 23.Qxf6 exf6 24.Kf2 Re8 25.Rd4
Nc5 26.Rb1 Rfe7 27.Rb2 g5 28.Bxc5 bxc5 29.Rdd2 Rg7 30.Rb1 gxh4
31.Rh1 Re5 32.Rxh4 Rf5 33.Rb2 Kf8 34.Rb8+ Ke7 35.Rb7+ Bd7 36.Rxa7
Kd6 37.a4 Rfg5 38.Bf1 Ke5 39.Ra5 Kd6 40.Rxf4 f5 41.Rh4 R5g6 42.Ra7
Ke5 43.a5 f4 44.Ra8 Rf6 45.Rh8 Rff7 46.Rh6 Bf5 47.Rb6 Kd4 48.Re8
Ra7 49.Rf6 Rg5 50.a6 Kc3 51.Re5 1-0

[Event "Moscow Open 2009"]
[Site "?"]
[Date "2009.02.07"]
[Round "8.18"]
[White "Yakovich, Yuliya"]
[Black "Bulmaga, Irina"]
[Result "0-1"]
[WhiteElo "2125"]
[BlackElo "2300"]
[Annotator ""]
[Source ""]
[Remark ""]

1.e4 c5 2.Nf3 e6 3.d4 cxd4 4.Nxd4 Nc6 5.Nc3 Qc7 6.f4 a6 7.Nxc6
Qxc6 8.Bd3 b5 9.Qe2 Bc5 10.Bd2 Bb7 11.O-O-O Ne7 12.Qg4 b4 13.Ne2
O-O 14.Ng3 f5 15.exf5 exf5 16.Nxf5 Nxf5 17.Bxf5 Qxg2 18.Bxh7+
Kxh7 19.Qh5+ Kg8 20.Qxc5 Rac8 21.Qxb4 Qe4 22.Qxe4 Bxe4 23.c3
Bxh1 24.Rxh1 Rce8 25.Kd1 Re4 26.h4 Rf5 27.Rg1 Rd5 28.Rg4 Rd3
29.h5 Rh3 30.Rg5 Kf7 31.Ra5 Re6 32.Rd5 Ke7 33.c4 Rh1+ 34.Kc2
Re2 35.Kb3 Re6 36.Bb4+ Ke8 37.Rg5 Rh3+ 38.Ka4 Re2 39.Bc3 Re4
40.Re5+ Rxe5 41.Bxe5 Kf7 42.Ka5 Rxh5 43.Kxa6 Rh6+ 44.Kb5 d6 45.Bd4
Rh4 46.Be3 Rh3 47.Bd2 Rh2 48.Bb4 Rxb2 49.a4 Ke6 50.a5 Kd7 51.Ka4
Rf2 52.Bc3 g6 53.Kb5 Rxf4 54.a6 Kc7 55.Ba5+ Kb8 56.Bb6 g5 57.Bg1
Ka8 58.Bh2 Rd4 59.Bg1 Rd1 60.Bh2 g4 0-1

[Event "Moscow Open 2009"]
[Site "?"]
[Date "2009.02.07"]
[Round "8.19"]
[White "Tomilova, Elena"]
[Black "Sukhareva, Evgeniya"]
[Result "1-0"]
[WhiteElo "2300"]
[BlackElo "2178"]
[Annotator ""]
[Source ""]
[Remark ""]

1.d4 d5 2.Nf3 c6 3.c4 e6 4.Nc3 dxc4 5.a4 Bb4 6.e4 b5 7.Be2 Nf6
8.e5 Nd5 9.Qc2 Bb7 10.O-O a6 11.Ng5 Be7 12.Nce4 h6 13.Nf3 Nd7
14.b3 cxb3 15.Qxb3 b4 16.Nfd2 O-O 17.Nc4 f5 18.Ned6 Rb8 19.Qg3
g5 20.Qh3 Kg7 21.g4 f4 22.Bd3 Rh8 23.Qh5 Qg8 24.Re1 Kf8 25.Bd2
c5 26.Rab1 Bc6 27.dxc5 Nxc5 28.Bg6 Bxa4 29.Ra1 Bb3 30.Ra5 Bxc4
31.Rxc5 Bxd6 32.exd6 Nf6 33.Qh3 Bd5 34.Bb1 h5 35.Bxb4 hxg4 36.Qc3
Qg7 37.Rc8+ Rxc8 38.d7+ Kf7 39.dxc8Q Rxc8 40.Qxc8 1-0

[Event "Moscow Open 2009"]
[Site "?"]
[Date "2009.02.07"]
[Round "8.20"]
[White "Krasenkova, Ilena"]
[Black "Paikidze, Nazi"]
[Result "0-1"]
[WhiteElo "2170"]
[BlackElo "2280"]
[Annotator ""]
[Source ""]
[Remark ""]

1.d4 d5 2.c4 c6 3.Nf3 Nf6 4.Qc2 g6 5.g3 Bg7 6.Bg2 O-O 7.O-O Na6
8.a3 dxc4 9.Qxc4 Be6 10.Qc2 Qc8 11.e4 Bh3 12.Nc3 Nc7 13.Re1 Bxg2
14.Kxg2 Rd8 15.Bg5 h6 16.Bxf6 Bxf6 17.e5 Bg7 18.Rad1 Ne6 19.Qe4
b6 20.h4 Qb7 21.b4 Qa6 22.d5 cxd5 23.Nxd5 Kf8 24.Nf4 Nxf4+ 25.gxf4
Qa4 26.h5 gxh5 27.Rd4 Rab8 28.Re3 Rxd4 29.Nxd4 Qd1 30.Rd3 Qc1
31.Nf5 h4 32.Nxh4 Rc8 33.Nf5 e6 34.Nd6 Qc6 35.Kf3 Qxe4+ 36.Kxe4
Rc2 37.b5 f6 38.Rf3 Ke7 39.Rg3 Bf8 40.Kd3 Rxf2 41.Ne4 Rxf4 42.exf6+
Kf7 43.Ke3 Rf1 44.Ke2 Ra1 45.Rd3 Ra2+ 46.Kd1 Rxa3 47.Rd7+ Kg6
48.f7 Rb3 49.Rxa7 Rxb5 50.Rb7 Rb2 51.Nd2 Rb4 52.Nf3 Kf6 53.Ke2
Bc5 54.Nd2 Be7 55.Kf3 Kxf7 56.Ne4 e5 57.Nd6+ Ke6 58.Nc8 Bc5 59.Rh7
Rf4+ 60.Ke2 Rh4 61.Rb7 Kd5 62.Ne7+ Bxe7 63.Rxe7 Rh2+ 64.Ke3 Rh3+
65.Ke2 b5 0-1

[Event "Moscow Open 2009"]
[Site "?"]
[Date "2009.02.07"]
[Round "8.21"]
[White "Borisova, Elizaveta"]
[Black "Derbentseva, Irina"]
[Result "1-0"]
[WhiteElo "2270"]
[BlackElo "2080"]
[Annotator ""]
[Source ""]
[Remark ""]

1.d4 Nf6 2.c4 e6 3.g3 d5 4.Nf3 b6 5.Bg2 c6 6.Ne5 Ba6 7.Nd2 Bd6
8.cxd5 cxd5 9.Ndf3 O-O 10.O-O Ne4 11.Bf4 f6 12.Nd3 g5 13.Bxd6
Qxd6 14.h4 h6 15.Re1 Nd7 16.Qa4 b5 17.Qa5 Qb6 18.Qb4 Bb7 19.Bh3
Rfe8 20.a4 bxa4 21.Qxa4 Bc6 22.Qc2 Bb5 23.b4 Rec8 24.Nc5 f5 25.hxg5
hxg5 26.g4 f4 27.Nxg5 e5 28.Ngxe4 Qh6 29.Nc3 Rc6 30.Bg2 Rg6 31.Nxb5
Rxg4 32.Qb3 Kh8 33.Qxd5 Rag8 34.Ra3 Rxg2+ 35.Qxg2 Rxg2+ 36.Kxg2
Qc6+ 37.Kh2 Nf6 38.Rh3+ Nh7 39.Nc3 exd4 40.N3e4 f3 41.Rxf3 Qh6+
42.Kg2 Kg8 43.Rh1 Qc6 44.Rg3+ Kf8 45.Rxh7 Qd5 46.Rf3+ Ke8 47.Nf6+ 1-0

[Event "Moscow Open 2009"]
[Site "?"]
[Date "2009.02.07"]
[Round "8.22"]
[White "Rjanova, Valery"]
[Black "Gaponenko, Inna"]
[Result "1/2-1/2"]
[WhiteElo "2113"]
[BlackElo "2450"]
[Annotator ""]
[Source ""]
[Remark ""]

1.e4 c5 2.Nf3 d6 3.d4 cxd4 4.Nxd4 Nf6 5.Nc3 g6 6.Be3 Bg7 7.f3
Nc6 8.Qd2 O-O 9.Bc4 Bd7 10.O-O-O Ne5 11.Bb3 Qa5 12.h4 Rfc8 13.g4
b5 14.h5 b4 15.Nce2 Nc4 16.Bxc4 Rxc4 17.Kb1 Rac8 18.hxg6 fxg6
19.Rc1 Qc7 20.b3 Rc5 21.Nf4 Qa5 22.Nd3 Bxg4 23.Qxb4 Qxb4 24.Nxb4
Bd7 25.c4 a5 26.Nd3 R5c7 27.e5 dxe5 28.Nxe5 Nd5 29.cxd5 Bxe5
30.Rxc7 Rxc7 31.Rc1 h5 32.f4 Bxd4 33.Bxd4 Bf5+ 34.Kb2 Rxc1 35.Kxc1
h4 36.Kd2 Be4 37.a3 Kf7 38.b4 a4 39.Bf2 h3 40.Bg1 Bxd5 41.Ke3
Kf6 42.Bh2 Kf5 43.Bg3 Bc6 44.Bh2 Kg4 45.Kf2 Bb5 46.Ke3 g5 47.fxg5
Kxg5 48.Ke4 Kg4 49.Ke3 Kf5 50.Kd4 Bf1 51.Bc7 Ba6 52.Bh2 Kg4 53.Ke3
Bb5 54.Bb8 Bc6 55.Bc7 1/2-1/2

[Event "Moscow Open 2009"]
[Site "?"]
[Date "2009.02.07"]
[Round "8.23"]
[White "Rassokhina, Ekaterina"]
[Black "Severiukhina, Zoja"]
[Result "0-1"]
[WhiteElo "2106"]
[BlackElo "2327"]
[Annotator ""]
[Source ""]
[Remark ""]

1.d4 Nf6 2.c4 g6 3.Nc3 Bg7 4.e4 d6 5.f3 O-O 6.Be3 Nbd7 7.Nge2
c5 8.Qd2 a6 9.Nc1 Qa5 10.Nb3 Qb4 11.Bd3 cxd4 12.Nxd4 Ne5 13.b3
e6 14.a3 Qa5 15.O-O Bd7 16.Be2 Rac8 17.Rfc1 Rfe8 18.Ra2 Qd8 19.Bg5
h6 20.Bxh6 Bxh6 21.Qxh6 Qb6 22.Qe3 d5 23.Nd1 dxc4 24.bxc4 Ba4
25.Nc2 Nfd7 26.Rb2 Qxe3+ 27.Ncxe3 Nc5 28.Nf2 Red8 29.Rc3 Bc6
30.Rb1 Rd2 31.Rc2 Rcd8 32.Rd1 Rxd1+ 33.Nfxd1 Ba4 34.Rc1 Ned3
35.Rc3 Nf4 36.Kf2 Rd2 37.g3 Nxe2 38.Ke1 Ra2 39.f4 Bxd1 40.Nxd1
Nxc3 41.Nxc3 Rxa3 0-1

[Event "Moscow Open 2009"]
[Site "?"]
[Date "2009.02.07"]
[Round "8.24"]
[White "Malinicheva, L."]
[Black "Pustovoitova, Daria"]
[Result "0-1"]
[WhiteElo "2068"]
[BlackElo "2314"]
[Annotator ""]
[Source ""]
[Remark ""]

1.Nf3 d5 2.c4 e6 3.g3 Nf6 4.Bg2 Be7 5.O-O O-O 6.b3 c5 7.cxd5
exd5 8.d4 b6 9.Bb2 Be6 10.Nbd2 Nc6 11.Rc1 Rc8 12.dxc5 bxc5 13.Ne1
Qb6 14.Nd3 Nb4 15.Nxb4 Qxb4 16.Qc2 a5 17.Bc3 Qb5 18.e4 d4 19.Ba1
Rfd8 20.Rfe1 Qb4 21.Bf1 Ng4 22.Nf3 a4 23.Rb1 axb3 24.axb3 Rb8
25.Bc4 Bxc4 26.bxc4 Qa3 27.Kg2 f6 28.e5 Rxb1 29.Qxb1 Nxe5 30.Nxe5
fxe5 31.Rxe5 Bf6 32.Re1 Qa8+ 33.Kg1 Qf3 34.Qb5 h6 35.Qxc5 d3
36.Qe3 d2 0-1

[Event "Moscow Open 2009"]
[Site "?"]
[Date "2009.02.07"]
[Round "8.25"]
[White "Eryshkanova, Anastasiya"]
[Black "Ubiennykh, Ekaterina"]
[Result "1/2-1/2"]
[WhiteElo "2055"]
[BlackElo "2285"]
[Annotator ""]
[Source ""]
[Remark ""]

1.e4 c5 2.Nf3 d6 3.c3 Nf6 4.Bc4 Qc7 5.Qe2 Nc6 6.d3 e5 7.Ng5 Bg4
8.Qc2 Bh5 9.f4 a6 10.O-O O-O-O 11.a3 d5 12.exd5 Nxd5 13.f5 Nf4
14.Bxf4 exf4 15.Qf2 b5 16.Bb3 Rxd3 17.Qxf4 Qxf4 18.Rxf4 c4 19.Bc2
Bc5+ 20.Kf1 Re3 21.g4 Rhe8 22.Ne4 g5 23.fxg6 Bxg6 24.Nbd2 Re7
25.h4 Ne5 26.h5 Bxe4 27.Nxe4 Nd3 28.Bxd3 cxd3 29.Nxc5 d2 30.Ne4
R7xe4 31.Rxe4 Rxe4 32.Rd1 Rf4+ 33.Ke2 Rxg4 34.Rxd2 Rg5 35.Rd6
Rxh5 36.Rf6 Rh2+ 37.Kd3 Rxb2 38.Rxf7 h5 39.Rh7 Rh2 40.Kd4 Rh4+
41.Kc5 Rc4+ 42.Kb6 Rxc3 43.Kxa6 Rc5 44.Kb6 Rg5 45.Kc6 Kd8 46.Kd6
Ke8 47.Ke6 Rg6+ 48.Kd5 Rg3 49.Rxh5 Rxa3 50.Kc5 1/2-1/2

[Event "Moscow Open 2009"]
[Site "?"]
[Date "2009.02.07"]
[Round "8.26"]
[White "Goryachkina, Aleksandra"]
[Black "Fominykh, Maria"]
[Result "0-1"]
[WhiteElo "2020"]
[BlackElo "2279"]
[Annotator ""]
[Source ""]
[Remark ""]

1.e4 d6 2.f4 g6 3.Nf3 Bg7 4.g3 e5 5.Nc3 Nc6 6.d3 Nge7 7.Bg2 Bg4
8.h3 Bxf3 9.Qxf3 Nd4 10.Qf2 Qd7 11.Be3 c5 12.O-O-O b5 13.Rhf1
O-O 14.f5 f6 15.g4 b4 16.Nb1 Qa4 17.a3 Rab8 18.h4 Nec6 19.g5
bxa3 20.Nxa3 Rxb2 21.Kxb2 Rb8+ 22.Kc1 Qxa3+ 23.Kd2 Qa5+ 24.Kc1
Qc3 25.Bxd4 Nxd4 26.Rde1 Rb2 27.Re2 Nb3+ 0-1